| 000 | 00713nam a2200205 i 4500 | ||
|---|---|---|---|
| 001 | 78959 | ||
| 003 | ES-MaACL | ||
| 005 | 20250806014154.0 | ||
| 007 | t| | ||
| 008 | 041018s1958 sp a |||| | spa d | ||
| 100 | 1 |
_aHeilmeyer, Ludwig. _962357 |
|
| 245 | 1 | 0 |
_aTratado de medicina interna / _cpublicado por Ludwig Heilmeyer ; versión española por Antonio Curieses del Agua y José Mª Plá Janini. |
| 260 |
_aBarcelona : _bLabor, _c1958 ( _fTalls. Gráf. Ibero-Americanos) |
||
| 300 |
_a2 v. ; _c25 cm. |
||
| 650 | 0 | 7 |
_aMedicina interna _2embne _914925 |
| 700 | 1 |
_aCurieses del Agua, Antonio. _942220 |
|
| 700 | 1 |
_aPla Janini, José María. _992495 |
|
| 852 |
_aES-MaACL _jB-4708-09 |
||
| 999 |
_c78959 _d78959 |
||